| Поле | Инд. | ПП | Название | Значение |
|---|---|---|---|---|
| Тип записи | a | |||
| Библиографический уровень | m | |||
| 001 | Контрольный номер | RU\TSTU\MAIN\RU/IS/BASE/290609337 | ||
| 005 | Дата корректировки | 20150513112026.4 | ||
| 008 | Кодируемые данные | ||||||||||||||| y 1 ||| u | ||
| 020 | a | ISBN | 978-5-7695-4868-0 | |
| 040 | a | Служба первич. каталог. | НБ ТвГУ | |
| 041 | a | Код языка текста | rus | |
| 080 | a | Индекс УДК | 159.9(075.8) | |
| 084 | a | Индекс другой классификации/Индекс ББК | Ю949.2я73-1 | |
| 090 | a | Полочн. индекс | Ю949.2 | |
| x | Авторский знак | С 19 | ||
| 100 | a | Автор | Сапогова Елена Евгеньевна | |
| q | Полное имя | Сапогова Е. Е. | ||
| 245 | a | Заглавие | Консультативная психология | |
| b | Продолж. заглавия | учебное пособие для студентов вузов, обучающихся по направлению "Психология" и психологическим специальностям | ||
| 260 | a | Место издания | Москва | |
| c | Дата издания | 2008 | ||
| b | Издательство | Академия | ||
| 300 | a | Объем | 348, [1] с. | |
| 440 | 2 | 0 | ||
| a | Серия | Высшее профессиональное образование | ||
| 440 | _0 | 2 | 0 | |
| a | Серия | Психология | ||
| 504 | a | Библиография | Библиогр.: с. 340 - 346 и в подстроч. примеч. | |
| 520 | a | Аннотация | Учебное пособие содержит систематизированную информацию об истории, типах и видах психологического консультирования, особенностях личности консультанта и характере его взаимодействия с клиентами, об основных техниках и приемах современной консультативной работы, а также об актуальных направлениях консультативной психологии и специфике консультативной деятельности в отношении наиболее частых проблем, с которыми обращаются к психологу клиенты. | |
| 653 | a | Ключевые слова | Исторния консультативной психологии | |
| a | Ключевые слова | Консультативная психология | ||
| a | Ключевые слова | Психологическое консультирование | ||
| a | Ключевые слова | Психолог-консультант | ||
| a | Ключевые слова | Учебники для вузов | ||
| 910 | a | гриф есть** | ||
| 920 | a | Оператор | Стру | |
| 930 | a | Новая/Ретро | учебники | |
| 940 | a | психологии и соц. работы | ||
| d | психология семейных отношений | |||
| 952 | c | Вид литературы | К ру | |
| 954 | a | Дата поступления на обработку | 20100621 | |
| 990 | a | Автор заказа (DOS) | каф. психологии труда | |
| b | Заказано (DOS) | 13 |